000
00305nam a22001337a 4500
008
181205b xxu||||| |||| 00| 0 eng d
020
_a
9780721696522
041
_a
eng
080
_2
22 TH
_a
610
100
_a
4
101
_a
SHM
245
_a
Cecil Textbook Of Medicine
_c
Gpldman.A
942
_2
udc
_c
BK
999
_c
52847
_d
52847